Les marchés du sport : Consommateurs et distributeurs (notice n° 1938451)
[ vue normale ]
| 000 -LEADER | |
|---|---|
| fixed length control field | 01376cam a2200145 4500500 |
| 005 - DATE AND TIME OF LATEST TRANSACTION | |
| control field | 20260329025521.0 |
| 041 ## - LANGUAGE CODE | |
| Language code of text/sound track or separate title | fre |
| 042 ## - AUTHENTICATION CODE | |
| Authentication code | dc |
| 100 10 - MAIN ENTRY--PERSONAL NAME | |
| Personal name | Ohl, Fabien |
| Relator term | author |
| 245 00 - TITLE STATEMENT | |
| Title | Les marchés du sport : Consommateurs et distributeurs |
| 260 ## - PUBLICATION, DISTRIBUTION, ETC. | |
| Name of publisher, distributor, etc. | Armand Colin,<br/> |
| Date of publication, distribution, etc. | 2004.<br/> |
| 520 ## - SUMMARY, ETC. | |
| Summary, etc. | Les marques de sport s'imposent désormais dans la mode et doivent, par ailleurs, s'adapter à l'intégration des réseaux de distribution. Les magasins de sport traditionnels sont en concurrence directe avec la grande distribution et les boutiques de prêt-à-porter. Quant aux consommateurs, dont les choix sont de moins en moins prévisibles, s'ils jouent le jeu de la publicité des marques, ils tendent parfois à s'en affranchir. En s'appuyant sur des analyses sociologiques et marketing étoffées de nombreuses données documentaires, les auteurs donnent les repères indispensables à la compréhension des principaux marchés du sport et des stratégies marketing de la distribution. Cet ouvrage s'adresse aux professionnels de l'industrie et de la distribution du sport, aux enseignants de gestion du sport et à leurs étudiants, ainsi qu'à tous ceux qui portent un intérêt à l'économie du sport en général. |
| 700 10 - ADDED ENTRY--PERSONAL NAME | |
| Personal name | Tribou, Gary |
| Relator term | author |
| 856 41 - ELECTRONIC LOCATION AND ACCESS | |
| Uniform Resource Identifier | <a href="https://shs.cairn.info/les-marches-du-sport--9782200263164?lang=fr&redirect-ssocas=7080">https://shs.cairn.info/les-marches-du-sport--9782200263164?lang=fr&redirect-ssocas=7080</a> |
Pas d'exemplaire disponible.




Réseaux sociaux